The Surveying Technician (Record no. 118840)

MARC details
000 -LEADER
fixed length control field 00577cas a22001935a 4500
001 - CONTROL NUMBER
control field L131004
008 - FIXED-LENGTH DATA ELEMENTS--GENERAL INFORMATION
fixed length control field 050920d19701993xxkbr p a eng d
035 ## - SYSTEM CONTROL NUMBER
System control number (Sirsi) u131004
041 0# - LANGUAGE CODE
Language code of text/sound track or separate title eng
110 2# - MAIN ENTRY--CORPORATE NAME
Corporate name or jurisdiction name as entry element Society of Surveying Technicians
9 (RLIN) 3045
240 ## - UNIFORM TITLE
Uniform title News Sheet
245 04 - TITLE STATEMENT
Title The Surveying Technician
260 ## - PUBLICATION, DISTRIBUTION, ETC.
Place of publication, distribution, etc. London
Name of publisher, distributor, etc. Society of Surveying Technicians
Date of publication, distribution, etc. 1970-1993
362 ## - DATES OF PUBLICATION AND/OR SEQUENTIAL DESIGNATION
Dates of publication and/or sequential designation 1(3) December 1970-21(5) November 1993
554 ## -
-- Six per year
651 #4 - SUBJECT ADDED ENTRY--GEOGRAPHIC NAME
Geographic name United Kingdom
Chronological subdivision
690 ## - LOCAL SUBJECT ADDED ENTRY--TOPICAL TERM (OCLC, RLIN)
Topical term or geographic name as entry element MANAGEMENT-BUSINESS MANAGEMENT-PROFESSIONAL PRACTICE
942 ## - ADDED ENTRY ELEMENTS (KOHA)
Suppress in OPAC 0
Holdings
Withdrawn status Lost status Source of classification or shelving scheme Damaged status Not for loan Home library Current library Shelving location Date acquired Total Checkouts Full call number Barcode Date last seen Price effective from Koha item type
    Dewey Decimal Classification     London London Basement 20/09/2005   SURVEYING TECHNICIAN 131004-1001 06/08/2019 06/08/2019 Journal